Triple J Hottest 100 Australian Albums, 2011 - Statistics

General Stats
  • This quiz has been taken 20 times
  • The average score is 17 of 68
Answer Stats
Albums Artist % Correct
Back in Black / Highway to Hell AC/DC
86%
Frogstomp / Diorama / Neon Ballroom / Freak Show / Young Modern Silverchair
79%
Walking on a Dream Empire of the Sun
71%
Kick INXS
71%
Odyssey Number Five / Internationalist / Vulture Street / Double Allergic Powderfinger
71%
Black Fingernails, Red Wine / A Song Is a City Eskimo Joe
57%
East / Cold Chisel Cold Chisel
50%
Get Born Jet
50%
Crowded House / Woodface Crowded House
43%
The Hard Road / The Calling / State of the Art Hilltop Hoods
43%
10, 9, 8, 7, 6, 5, 4, 3, 2, 1 / Diesel and Dust, Blue Sky Mining Midnight Oil
43%
Innerspeaker Tame Impala
43%
Hourly, Daily / Hi Fi Way You Am I
43%
Moo, You Bloody Choir Augie March
36%
Guide to Better Living / New Detention / Thrills, Kills & Sunday Pills Grinspoon
36%
Whispering Jack John Farnham
36%
Murder Ballads / The Boatman's Call Nick Cave and the Bad Seeds
36%
Gossip Paul Kelly and the Coloured Girls
36%
Echolalia / Beautiful Sharks Something for Kate
36%
Since I Left You The Avalanches
36%
The Living End The Living End
36%
Eternal Nightcap The Whitlams
36%
Running on Air / Flying Colours Bliss n Eso
29%
Unit / Tu-Plang Regurgitator
29%
Ivy and the Big Apples Spiderbait
29%
The Honeymoon Is Over The Cruel Sea
29%
16 Lovers Lane The Go-Betweens
29%
Tea & Sympathy Bernard Fanning
21%
A Man's Not a Camel Frenzal Rhomb
21%
Human Frailty Hunters & Collectors
21%
Sunrise Over Sea / Three / Grand National John Butler Trio
21%
The Sound of White Missy Higgins
21%
As Day Follows Night / The Overture & the Underscore Sarah Blasko
21%
Living in the 70's Skyhooks
21%
Apocalypso / Beams The Presets
21%
(I'm) Stranded The Saints
21%
Wolfmother Wolfmother
21%
Down the Way / A Book Like This Angus & Julia Stone
14%
Universes / Birds of Tokyo Birds of Tokyo
14%
The New Normal Cog
14%
Like Drawing Blood Gotye
14%
Slightly Odway Jebediah
14%
Themata / Sound Awake Karnivool
14%
Paging Mr. Strike Machine Gun Fellatio
14%
Feeler Pete Murray
14%
We Are Born Sia
14%
Imago / Begins Here The Butterfly Effect
14%
Conditions The Temper Trap
14%
Highly Evolved The Vines
14%
Up All Nights The Waifs
14%
I Believe You Liar Washington
14%
The Experiment Art vs. Science
7%
The Long Now Children Collide
7%
Bliss Release Cloud Control
7%
In Ghost Colours Cut Copy
7%
This Is The Warning Dead Letter Circus
7%
Polyserena George
7%
Stoneage Romeos Hoodoo Gurus
7%
Memories & Dust Josh Pyke
7%
Wonder Lisa Mitchell
7%
Everything Is True Paul Dempsey
7%
Hold Your Colour / Immersion Pendulum
7%
Pnau Pnau
7%
The Cat Empire / Two Shoes The Cat Empire
7%
Gravity Won't Get You High The Grates
7%
Cruel Guards The Panics
7%
Gilgamesh Gypsy & The Cat
0%
Lovers The Sleepy Jackson
0%
No matching quizzes found
Score Distribution
Percent of People with Each Score
Percentile by Number Answered
Your Score History
You have not taken this quiz